000 002890000a22000970004500
100 1 _aYardeni, Ada
245 1 0 _aRemarks on the priestly blessing on two ancient amulets from Jerusalem
300 _aVol. 41, Num. 2 (Abril, 1991), Páginas 176-185
773 0 _tVetus Testamentum
942 _cANA
999 _c57655
_d57655